Několik pohledů psychologii řídící práce a zkušenosti z řízení v zahraničním obchodě

Saved in:
Bibliographic Details
Main Author: Matoušek, Zdeněk
Other Authors: Vůjtěch, Jan
Format: Book
Language:Czech
Published: Praha Československá obchodní komora 1974
Tags: Add Tag
No Tags, Be the first to tag this record!

MARC

LEADER 00000nam a2200000 4500
001 c128321
005 20041019155243.2
041 0 |a cze 
044 |a CZ 
245 1 0 |a Několik pohledů psychologii řídící práce a zkušenosti z řízení v zahraničním obchodě  |c Zdeněk Matoušek, Jan Vůjtěch 
264 1 |a Praha  |b Československá obchodní komora  |c 1974 
300 |a 88 s. 
100 1 |a Matoušek, Zdeněk 
700 1 |a Vůjtěch, Jan